The Bhagavad Gita : (Record no. 25387)

MARC details
000 -LEADER
fixed length control field 00866cam a2200265 a 4500
001 - CONTROL NUMBER
control field 4382166
003 - CONTROL NUMBER IDENTIFIER
control field BDDh-ASL
005 - DATE AND TIME OF LATEST TRANSACTION
control field 20231015030502.0
008 - FIXED-LENGTH DATA ELEMENTS--GENERAL INFORMATION
fixed length control field 910912s1991 cau 000 0 eng
010 ## - LIBRARY OF CONGRESS CONTROL NUMBER
LC control number 91090473
020 ## - INTERNATIONAL STANDARD BOOK NUMBER
International Standard Book Number 1877854123
040 ## - CATALOGING SOURCE
Original cataloging agency DLC
Transcribing agency DLC
Modifying agency BDDh-ASL
050 00 - LIBRARY OF CONGRESS CALL NUMBER
Classification number BL1138.66
Item number .S296 1991
082 00 - DEWEY DECIMAL CLASSIFICATION NUMBER
Classification number 294.5924
Edition number 20
Item number GIB
100 0# - MAIN ENTRY--PERSONAL NAME
Personal name Satyeswarananda Giri,
Titles and words associated with a name Swami.
245 14 - TITLE STATEMENT
Title The Bhagavad Gita :
Remainder of title interpretations of Sriyukteswar /
Statement of responsibility, etc. by Swami Satyeswarananda Giri.
250 ## - EDITION STATEMENT
Edition statement 1st ed.
260 ## - PUBLICATION, DISTRIBUTION, ETC.
Place of publication, distribution, etc. San Diego, CA :
Name of publisher, distributor, etc. Sanskrit Classics,
Date of publication, distribution, etc. 1991.
300 ## - PHYSICAL DESCRIPTION
Extent 328 p. :
Dimensions 23 cm.
440 #0 - SERIES STATEMENT/ADDED ENTRY--TITLE
Title Commentaries series
630 00 - SUBJECT ADDED ENTRY--UNIFORM TITLE
Uniform title Bhagavadgīta
General subdivision Commentaries.
906 ## - LOCAL DATA ELEMENT F, LDF (RLIN)
a 7
b cbc
c orignew
d 2
e opcn
f 19
g y-gencatlg
942 ## - ADDED ENTRY ELEMENTS (KOHA)
Source of classification or shelving scheme Dewey Decimal Classification
Koha item type Books
Holdings
Withdrawn status Lost status Source of classification or shelving scheme Damaged status Not for loan Collection code Home library Current library Shelving location Date acquired Source of acquisition Total Checkouts Full call number Barcode Date last seen Copy number Price effective from Koha item type
    Dewey Decimal Classification     Non-fiction Asiatic Society Library Asiatic Society Library Sirajul Islam Collection 07/14/2021 Donated by Professor Sirajul Islam, FRHS   294.5924 GIB 110148 07/14/2021 C-1 07/14/2021 Books

Powered by Koha